00730nam a2200241 a 4500001001300000003000900013005001700022008004100039020000800080082001500088100002100103245006600124260004900190300000900239500003500248505001600283650002700299700002100326902000800347942000700355952011100362999001500473nice12345678IN_TiNIC20260116012117.0050524s1957 bana grp 000 0 eng  ac300a226.3bPAU aPaul, Geoffrey J aGospel According to Saint Markb Introduction and Commentary. aBangalorebSenate of Serampore Collegec1957 a266p aincludes index and biblioraphy2 aIndex, Maps aBible N.T. Gospel Mark1 aPaul, Geoffrey J bSRS cBK 001040708StackRoom-aHMIbHMId2007-06-20g3.00l0o226.3 PAUp08455r2007-06-20v3.00w2005-05-24yBK c5679d5679